| 000 | 01144cam a22003137a 4500 | ||
|---|---|---|---|
| 001 | 17745444 | ||
| 005 | 20170105102407.0 | ||
| 008 | 130520s2014 nyua 001 0 eng d | ||
| 010 | _a 2013940880 | ||
| 015 |
_aGBB327044 _2bnb |
||
| 016 | 7 |
_a016303943 _2Uk |
|
| 020 | _a9781587143243 (pbk.) | ||
| 020 | _a1587143240 (pbk.) | ||
| 035 | _a(OCoLC)ocn832608810 | ||
| 040 |
_aUKMGB _beng _cUKMGB _dOCLCO _dSINLB _dYDXCP _dTAMCT _dDLC |
||
| 042 | _alccopycat | ||
| 050 | 0 | 0 |
_aQA76.9.V5 _bS26 2014 |
| 082 | 0 | 4 |
_a004 SAN _223 |
| 100 | 1 | _aSantana, Gustavo Alessandro Andrade, | |
| 245 | 1 | 0 |
_aData center virtualization fundamentals: Understanding techniques and designs for highly efficient data centers with cisco nexus, ucs,mds and beyond _cGustavo Alessandro Andrade Santana |
| 260 |
_aIndianapolis, IN : _bCisco Press, _cc2014. |
||
| 300 |
_axxix, 929 p. : _bill. ; _c24 cm. |
||
| 500 | _aIncludes index. | ||
| 650 | 0 | _aVirtual computer systems. | |
| 650 | 0 | _aData libraries. | |
| 906 |
_a7 _bcbc _ccopycat _d2 _encip _f20 _gy-gencatlg |
||
| 942 |
_2ddc _cBK |
||
| 999 |
_c12709 _d12709 |
||